[Event "Campeonato del Mundo sub-20 2010"]
[Site "Chotowa POL"]
[Date "2010.08.07"]
[Round "5.45"]
[White "Anton, Teodor"]
[Black "Casanova, Fernando Ricardo So"]
[Result "0-1"]
[WhiteElo "2350"]
[BlackElo "2074"]
[PlyCount "132"]
[EventDate "2010.08.03"]
[EventType "swiss"]
[EventRounds "13"]
[EventCountry "POL"]
[Source "lmi"]
[SourceDate "2010.08.03"]

1. d4 Nf6 2. Nf3 g6 3. c4 Bg7 4. g3 O-O 5. Bg2 d6 6. Nc3 Nbd7 7. O-O e5 8. e4
exd4 9. Nxd4 Re8 10. h3 a6 11. Be3 Rb8 12. Qc2 c5 13. Nde2 Ne5 14. b3 b5 15.
Rad1 Qc7 16. f4 Ned7 17. g4 b4 18. Nb1 Bb7 19. Ng3 h6 20. Qd3 Rbd8 21. Nd2 d5
22. e5 dxc4 23. Qxc4 Bxg2 24. Kxg2 Nb6 25. Qxc5 Qb7+ 26. Nf3 Nfd5 27. Bc1 Rc8
28. Qf2 Rxc1 29. Rxc1 Nxf4+ 30. Kh2 Nd3 31. Qe3 Nxc1 32. Rxc1 Nd7 33. Qe4 Qb6
34. Qd4 Qxd4 35. Nxd4 Nxe5 36. Nc6 Nxc6 37. Rxc6 a5 38. Kg2 Re3 39. Rc8+ Kh7
40. Rc2 Bc3 41. Ne2 Kg7 42. Nf4 Be5 43. Ne2 Kf6 44. Ng1 Rg3+ 45. Kf2 Rc3 46.
Rd2 Bf4 47. Re2 Bg3+ 48. Kg2 Bf4 49. Kf2 Bc7 50. Nf3 Bb6+ 51. Kg2 Be3 52. Nd2
Bxd2 53. Rxd2 Ke5 54. Re2+ Kd4 55. Rf2 Rc7 56. h4 f5 57. h5 Rg7 58. Kh2 fxg4
59. Rf4+ Kc3 60. Rxg4 g5 61. Rg3+ Kb2 62. Rg2+ Kb1 63. Kg3 Rc7 64. Re2 Rc2 65.
Re6 Kxa2 66. Rxh6 Kxb3 0-1

[Event "Campeonato del Mundo sub-20 2010"]
[Site "Chotowa POL"]
[Date "2010.08.07"]
[Round "5.46"]
[White "Kaleta, Blazej"]
[Black "Straka, Josef Jr"]
[Result "1/2-1/2"]
[WhiteElo "1944"]
[BlackElo "2337"]
[PlyCount "55"]
[EventDate "2010.08.03"]
[EventType "swiss"]
[EventRounds "13"]
[EventCountry "POL"]
[Source "lmi"]
[SourceDate "2010.08.03"]

1. c4 e5 2. e3 Nf6 3. Nc3 Bb4 4. Qc2 Qe7 5. Nge2 O-O 6. a3 Bxc3 7. Nxc3 c6 8.
d3 d5 9. Be2 Be6 10. O-O dxc4 11. dxc4 a5 12. b3 Na6 13. Na4 Nd7 14. Bb2 f6 15.
Rac1 Nac5 16. Nxc5 Nxc5 17. Bc3 Bf7 18. b4 Bg6 19. Qb2 Na4 20. Qb3 Nxc3 21.
Qxc3 axb4 22. axb4 c5 23. bxc5 Qxc5 24. Qb3 b6 25. Ra1 Be4 26. Bd3 Bxd3 27.
Qxd3 Rad8 28. Qb3 1/2-1/2

[Event "Campeonato del Mundo sub-20 2010"]
[Site "Chotowa POL"]
[Date "2010.08.07"]
[Round "5.47"]
[White "Akkozov, Berik"]
[Black "Lukovic, Vladimir"]
[Result "1-0"]
[WhiteElo "2328"]
[BlackElo "2130"]
[PlyCount "73"]
[EventDate "2010.08.03"]
[EventType "swiss"]
[EventRounds "13"]
[EventCountry "POL"]
[Source "lmi"]
[SourceDate "2010.08.03"]

1. d4 d5 2. c4 c6 3. Nf3 Nf6 4. Nc3 a6 5. a4 e6 6. Bf4 Bb4 7. e3 O-O 8. Bd3
Nbd7 9. O-O b6 10. cxd5 exd5 11. h3 Re8 12. Rc1 Bb7 13. Qc2 h6 14. Qb1 Qe7 15.
Bf5 c5 16. Na2 a5 17. Rfd1 Qf8 18. Nc3 Bxc3 19. bxc3 Bc6 20. Qa2 g6 21. Bxd7
Nxd7 22. c4 dxc4 23. d5 Bb7 24. Qxc4 Ba6 25. Qc2 c4 26. Nd2 Rec8 27. Ne4 Qg7
28. Rb1 f5 29. Nd6 Rc5 30. e4 fxe4 31. Nxe4 Rcc8 32. Bd2 Rf8 33. Bc3 Qf7 34.
Nd6 Qh7 35. Re1 Nf6 36. Re6 g5 37. Qxh7+ 1-0

[Event "Campeonato del Mundo sub-20 2010"]
[Site "Chotowa POL"]
[Date "2010.08.07"]
[Round "5.48"]
[White "Botta, Gabriele"]
[Black "Lewtak, Damian"]
[Result "1-0"]
[WhiteElo "2302"]
[BlackElo "2008"]
[PlyCount "57"]
[EventDate "2010.08.03"]
[EventType "swiss"]
[EventRounds "13"]
[EventCountry "POL"]
[Source "lmi"]
[SourceDate "2010.08.03"]

1. e4 c5 2. Nf3 d6 3. c3 d5 4. exd5 Qxd5 5. d4 e6 6. Be2 Nf6 7. c4 Qd8 8. Nc3
cxd4 9. Nxd4 Bc5 10. Be3 Bxd4 11. Bxd4 Nc6 12. Be3 Qxd1+ 13. Rxd1 a6 14. Na4
Nd7 15. O-O Rb8 16. Rd6 Kd8 17. Rfd1 Kc7 18. Bf4 e5 19. Bg4 Rd8 20. Be3 b5 21.
cxb5 axb5 22. Bf3 Bb7 23. Rxd7+ Rxd7 24. Bb6+ Kc8 25. Bg4 Nd4 26. Bxd4 exd4 27.
Nb6+ Kc7 28. Nxd7 Rd8 29. Nc5 1-0

[Event "Campeonato del Mundo sub-20 2010"]
[Site "Chotowa POL"]
[Date "2010.08.07"]
[Round "5.49"]
[White "Roos, Adrian"]
[Black "Ashwin, Jayaram"]
[Result "0-1"]
[WhiteElo "2097"]
[BlackElo "2454"]
[PlyCount "98"]
[EventDate "2010.08.03"]
[EventType "swiss"]
[EventRounds "13"]
[EventCountry "POL"]
[Source "lmi"]
[SourceDate "2010.08.03"]

1. e4 c5 2. Nc3 Nc6 3. Bb5 Nd4 4. Bc4 e6 5. Nge2 Ne7 6. O-O Nec6 7. d3 Be7 8.
f4 a6 9. f5 b5 10. Bb3 O-O 11. Nxd4 Nxd4 12. Qg4 Bf6 13. h4 a5 14. a4 b4 15.
Nb5 exf5 16. exf5 Nxb3 17. cxb3 Bb7 18. Bf4 Qb6 19. Rf2 Ba6 20. Nc7 Bd4 21.
Nxa8 Rxa8 22. Qf3 Re8 23. Raf1 Bb7 24. Qg3 Qf6 25. Qg4 h6 26. Kh2 Bxf2 27. Rxf2
Bd5 28. Qg3 Bxb3 29. Bd6 Bxa4 30. Bxc5 Qe5 31. d4 Qxg3+ 32. Kxg3 Bc6 33. Rd2
Re4 34. Bb6 a4 35. Bc5 b3 36. Bd6 h5 37. Bf4 Bd5 38. Bd6 f6 39. Kh3 Re3+ 40.
Kh2 Be4 41. Rf2 Rd3 42. Bc5 Kf7 43. Rf4 d5 44. Rf2 Ke8 45. Kg1 Rd1+ 46. Rf1 Rd2
47. Rf2 Rc2 48. Kf1 Rxc5 49. dxc5 a3 0-1

[Event "Campeonato del Mundo sub-20 2010"]
[Site "Chotowa POL"]
[Date "2010.08.07"]
[Round "5.50"]
[White "Janus, Przemyslaw"]
[Black "Platzgummer, Fabian"]
[Result "1/2-1/2"]
[WhiteElo "2085"]
[BlackElo "2351"]
[PlyCount "134"]
[EventDate "2010.08.03"]
[EventType "swiss"]
[EventRounds "13"]
[EventCountry "POL"]
[Source "lmi"]
[SourceDate "2010.08.03"]

1. d4 d5 2. c4 dxc4 3. Nf3 Nf6 4. e3 Be6 5. Nc3 h6 6. Ne5 c5 7. Qa4+ Nbd7 8.
dxc5 Qc7 9. Nxc4 Qxc5 10. e4 Qc6 11. Qxc6 bxc6 12. Na5 Nc5 13. Nxc6 Nfxe4 14.
Nb5 Kd7 15. Ncxa7 Bd5 16. Be3 e6 17. f3 Nf6 18. Rc1 Na6 19. Nc3 Bc5 20. Bb5+
Kd6 21. Bf4+ e5 22. Bxa6 Bxa7 23. Nb5+ Kd7 24. Rc7+ Ke6 25. Nxa7 exf4 26. Bb7
Bxb7 27. Rxb7 Rhb8 28. Rxb8 Rxb8 29. O-O Rxb2 30. Ra1 Nd5 31. a4 Ne3 32. a5
Nxg2 33. a6 Nh4 34. Ra3 Rb1+ 35. Kf2 Rb2+ 36. Kf1 Nf5 37. Nb5 Ne3+ 38. Rxe3+
fxe3 39. a7 Ra2 40. Nc7+ Kd6 41. a8=Q Rxa8 42. Nxa8 Kc6 43. Ke2 Kb7 44. Kxe3
Kxa8 45. Ke4 Kb7 46. h4 Kc6 47. Ke5 Kd7 48. f4 Ke7 49. f5 g6 50. fxg6 fxg6 51.
Ke4 Ke6 52. Kf4 Kd5 53. Ke3 Ke5 54. Kf3 Kf5 55. Kg3 Ke4 56. Kg4 Ke3 57. h5 g5
58. Kf5 Kd4 59. Kg6 Ke5 60. Kxh6 Kf6 61. Kh7 Kf7 62. h6 g4 63. Kh8 g3 64. h7
Ke7 65. Kg8 g2 66. h8=Q g1=Q+ 67. Qg7+ Qxg7+ 1/2-1/2

[Event "Campeonato del Mundo sub-20 2010"]
[Site "Chotowa POL"]
[Date "2010.08.07"]
[Round "5.51"]
[White "Larmuseau, Maarten"]
[Black "Larmuseau, Michiel"]
[Result "1/2-1/2"]
[WhiteElo "2277"]
[BlackElo "2068"]
[PlyCount "88"]
[EventDate "2010.08.03"]
[EventType "swiss"]
[EventRounds "13"]
[EventCountry "POL"]
[Source "lmi"]
[SourceDate "2010.08.03"]

1. e4 e6 2. Nf3 d5 3. Nc3 Nf6 4. e5 Nfd7 5. d4 c5 6. dxc5 Nc6 7. Bf4 a6 8. Bd3
Nxc5 9. O-O Nxd3 10. cxd3 Be7 11. Re1 O-O 12. Qd2 f6 13. exf6 Bxf6 14. d4 Bd7
15. h3 Rc8 16. Bg3 Be7 17. Qe3 Bb4 18. Rac1 Ne7 19. Bh4 Nf5 20. Qxe6+ Bxe6 21.
Bxd8 Bf7 22. Bg5 Rc4 23. Red1 Rfc8 24. Ne2 Rc2 25. a3 Bd6 26. Rxc2 Rxc2 27. Rd2
Rc8 28. g4 Ne7 29. Bxe7 Bxe7 30. Ne5 Be8 31. f4 Ba4 32. Nc3 Bb3 33. Rd3 b5 34.
Re3 b4 35. axb4 Bxb4 36. Kf2 a5 37. Ke2 a4 38. Kd2 Ba5 39. Nd7 Rc4 40. Rd3 Bb4
41. Ne5 Bxc3+ 42. Rxc3 Rxd4+ 43. Ke3 Re4+ 44. Kf3 g5 1/2-1/2

[Event "Campeonato del Mundo sub-20 2010"]
[Site "Chotowa POL"]
[Date "2010.08.07"]
[Round "5.52"]
[White "Herman, Jean"]
[Black "Smola, Michal"]
[Result "0-1"]
[WhiteElo "2094"]
[BlackElo "2220"]
[PlyCount "54"]
[EventDate "2010.08.03"]
[EventType "swiss"]
[EventRounds "13"]
[EventCountry "POL"]
[Source "lmi"]
[SourceDate "2010.08.03"]

1. d4 b6 2. e4 Bb7 3. Bd3 e6 4. Nf3 c5 5. c3 cxd4 6. cxd4 Nf6 7. Nc3 Be7 8. O-O
d6 9. Bd2 O-O 10. Qe2 Nbd7 11. Rfc1 e5 12. b4 exd4 13. Nxd4 Ne5 14. Ba6 Bxa6
15. Qxa6 d5 16. Bf4 Ng6 17. Bg5 dxe4 18. Nc6 Qd7 19. Nxe7+ Qxe7 20. Bxf6 gxf6
21. Nd5 Qe5 22. Nc7 Rac8 23. Qxa7 Nf4 24. Qxb6 Qg5 25. Kf1 Qxg2+ 26. Ke1 Rcd8
27. Qb5 Rd3 0-1

[Event "Campeonato del Mundo sub-20 2010"]
[Site "Chotowa POL"]
[Date "2010.08.07"]
[Round "5.54"]
[White "Lis, Marek"]
[Black "Podolsky, Anton"]
[Result "1-0"]
[WhiteElo "2072"]
[BlackElo "2190"]
[PlyCount "159"]
[EventDate "2010.08.03"]
[EventType "swiss"]
[EventRounds "13"]
[EventCountry "POL"]
[Source "lmi"]
[SourceDate "2010.08.03"]

1. e4 c5 2. Nf3 d6 3. d4 cxd4 4. Qxd4 Nf6 5. e5 Nc6 6. Bb5 Nd7 7. Bxc6 bxc6 8.
exd6 e5 9. Qc3 Qf6 10. Qxc6 Rb8 11. Bg5 Qg6 12. Nbd2 Bxd6 13. O-O Bb7 14. Qa4
e4 15. Rfe1 Bc6 16. Rxe4+ Qxe4 17. Nxe4 Bxh2+ 18. Kxh2 Bxa4 19. Nd6+ Kf8 20. b3
Bc6 21. Nd4 Ba8 22. Re1 Nf6 23. N4f5 Rd8 24. Bxf6 gxf6 25. c4 Rg8 26. f3 Rg5
27. b4 Bc6 28. c5 Bd7 29. Ng3 Rd5 30. Nge4 Kg7 31. Rc1 f5 32. Nc3 Rd2 33. b5
Kf6 34. a4 Rb2 35. Nc4 Rb3 36. Nd5+ Kg5 37. Nd6 Be6 38. Nc7 Kf6 39. Rc2 Ke7 40.
a5 Rd7 41. Na6 Ra3 42. Nb8 Rc7 43. Nc6+ Kd7 44. Nb8+ Ke7 45. b6 axb6 46. axb6
Rxc5 47. Rxc5 Kxd6 48. Rb5 Bd5 49. b7 Ra7 50. Nc6 Rxb7 51. Rxb7 Kxc6 52. Rb8
Kd6 53. Rh8 Ke5 54. Rxh7 Kf4 55. Rh4+ Kg5 56. Kg3 Be6 57. Rb4 Bd7 58. Rb7 Be6
59. Rb5 Bd7 60. Rc5 Be6 61. Kf2 Bd7 62. Ke3 Be6 63. g4 Kf6 64. gxf5 Bxf5 65.
Kf4 Bd7 66. Ra5 Bc8 67. Ra8 Bb7 68. Rb8 Bd5 69. Rb6+ Kg7 70. Rd6 Bb7 71. Kg4
Ba8 72. f4 Be4 73. Kg5 Bb1 74. f5 Bc2 75. f6+ Kh7 76. Rd2 Ba4 77. Kf5 Bb5 78.
Rg2 Bd3+ 79. Ke5 Bg6 80. Kd6 1-0

[Event "Campeonato del Mundo sub-20 2010"]
[Site "Chotowa POL"]
[Date "2010.08.07"]
[Round "5.55"]
[White "Swiech, Przemyslaw"]
[Black "Zecevic, Ivan"]
[Result "1-0"]
[WhiteElo "2166"]
[BlackElo "1995"]
[PlyCount "47"]
[EventDate "2010.08.03"]
[EventType "swiss"]
[EventRounds "13"]
[EventCountry "POL"]
[Source "lmi"]
[SourceDate "2010.08.03"]

1. d4 Nf6 2. c4 g6 3. Nc3 Bg7 4. Nf3 O-O 5. g3 d6 6. Bg2 Nc6 7. O-O e5 8. dxe5
Nxe5 9. Nd2 Re8 10. h3 Rb8 11. f4 Ned7 12. Nb3 Qe7 13. e4 Nb6 14. Qd3 Be6 15.
Nd2 Nfd7 16. b3 Nc5 17. Qc2 f5 18. Bb2 fxe4 19. Ndxe4 Nxe4 20. Nxe4 Bxh3 21.
Bxg7 Bf5 22. Bb2 d5 23. Qc3 dxe4 24. g4 1-0

[Event "Campeonato del Mundo sub-20 2010"]
[Site "Chotowa POL"]
[Date "2010.08.07"]
[Round "5.56"]
[White "Lewicki, Miroslaw"]
[Black "Parol, Pawel"]
[Result "1-0"]
[WhiteElo "2149"]
[BlackElo "1764"]
[PlyCount "89"]
[EventDate "2010.08.03"]
[EventType "swiss"]
[EventRounds "13"]
[EventCountry "POL"]
[Source "lmi"]
[SourceDate "2010.08.03"]

1. e4 e6 2. d4 d5 3. exd5 exd5 4. Nf3 Nf6 5. Bd3 Bd6 6. O-O O-O 7. Bg5 Bg4 8.
Nbd2 Nbd7 9. c4 c6 10. Qc2 h6 11. Bh4 Qc7 12. Rae1 dxc4 13. Bxc4 Nd5 14. Bg3
Bxg3 15. fxg3 N7b6 16. Bb3 Rae8 17. Ne5 Be6 18. a3 Nd7 19. Ba2 Qb6 20. Nef3 g6
21. Nc4 Qc7 22. Nh4 Kg7 23. Bb1 f5 24. g4 Nf4 25. Ne5 g5 26. gxf5 Bg8 27. f6+
Rxf6 28. Nf5+ Kh8 29. Ng6+ Rxg6 30. Rxe8 Nf6 31. Re7 Qd8 32. Rxb7 Bd5 33. Qc5
Ng4 34. Qxa7 Ne2+ 35. Kh1 Bxg2+ 36. Kxg2 Qd5+ 37. Rf3 Nf4+ 38. Kg3 Ne2+ 39.
Kxg4 h5+ 40. Kxh5 Qxf3+ 41. Kxg6 Nf4+ 42. Kxg5 Qh5+ 43. Kxf4 Qxh2+ 44. Kg5 Qd2+
45. Kf6 1-0

[Event "Campeonato del Mundo sub-20 2010"]
[Site "Chotowa POL"]
[Date "2010.08.07"]
[Round "5.57"]
[White "Barski, Radoslaw"]
[Black "Gora, Jan"]
[Result "1-0"]
[WhiteElo "2290"]
[BlackElo "1848"]
[PlyCount "71"]
[EventDate "2010.08.03"]
[EventType "swiss"]
[EventRounds "13"]
[EventCountry "POL"]
[Source "lmi"]
[SourceDate "2010.08.03"]

1. e4 c5 2. Nf3 Nc6 3. d4 cxd4 4. Nxd4 g6 5. Nc3 Bg7 6. Be3 Nf6 7. Bc4 O-O 8.
Bb3 Ng4 9. Qxg4 Nxd4 10. Qd1 Nxb3 11. axb3 b6 12. Bd4 f6 13. O-O Bb7 14. Qd3 e6
15. Rfd1 Qe7 16. f4 Rfd8 17. Qe2 d6 18. Ra2 e5 19. Be3 exf4 20. Qc4+ Kh8 21.
Bxf4 Rac8 22. Qb4 a5 23. Qxb6 Rc6 24. Qf2 Rc5 25. Ra4 g5 26. Be3 Re5 27. Bd4
Re6 28. Rxa5 Bxe4 29. Ra7 Qf8 30. Nxe4 Rxe4 31. Qf5 Re7 32. Rda1 d5 33. c3 Re2
34. Rxg7 Kxg7 35. Qxg5+ Kf7 36. Qh5+ 1-0

[Event "Campeonato del Mundo sub-20 2010"]
[Site "Chotowa POL"]
[Date "2010.08.09"]
[Round "6.3"]
[White "Cordova Daza, Emilio Arturo"]
[Black "Baryshpolets, Andrey"]
[Result "1/2-1/2"]
[WhiteElo "2560"]
[BlackElo "2450"]
[PlyCount "66"]
[EventDate "2010.08.03"]
[EventType "swiss"]
[EventRounds "13"]
[EventCountry "POL"]
[Source "lmi"]
[SourceDate "2010.08.03"]

1. d4 g6 2. Nf3 Nf6 3. g3 Bg7 4. Bg2 O-O 5. O-O d6 6. c4 Nbd7 7. Nc3 e5 8. h3
c6 9. e4 exd4 10. Nxd4 Qb6 11. Nb3 Ne5 12. Be3 c5 13. Nd2 Re8 14. b4 Qxb4 15.
Nb5 Rd8 16. Rb1 Qa5 17. f4 Nc6 18. Nb3 Qa4 19. Qe2 Be6 20. Rbc1 Nd4 21. N3xd4
cxd4 22. Nxd4 Re8 23. Nb5 Rad8 24. Rfd1 Bf8 25. Bxa7 Rc8 26. Qb2 Rxc4 27. Qxf6
Bg7 28. Qh4 Rxc1 29. Rxc1 Qxb5 30. g4 g5 31. Qxg5 Qxg5 32. fxg5 Bxa2 33. Bb6
Be5 1/2-1/2

[Event "Campeonato del Mundo sub-20 2010"]
[Site "Chotowa POL"]
[Date "2010.08.09"]
[Round "6.4"]
[White "Lalith, Babu Musunuri Rohit"]
[Black "Bindrich, Falko"]
[Result "1/2-1/2"]
[WhiteElo "2502"]
[BlackElo "2522"]
[PlyCount "49"]
[EventDate "2010.08.03"]
[EventType "swiss"]
[EventRounds "13"]
[EventCountry "POL"]
[Source "lmi"]
[SourceDate "2010.08.03"]

1. Nf3 d5 2. d4 Nf6 3. c4 e6 4. Nc3 dxc4 5. e4 Bb4 6. Bg5 c5 7. Bxc4 cxd4 8.
Nxd4 Bxc3+ 9. bxc3 Qa5 10. Bb5+ Nbd7 11. Bxf6 Qxc3+ 12. Kf1 gxf6 13. h4 a6 14.
Rh3 Qb4 15. Rb1 Qd6 16. Be2 Ne5 17. h5 b5 18. Rc3 Bd7 19. Nb3 Qxd1+ 20. Rxd1
Ke7 21. f4 Nc4 22. Nc5 Bc6 23. Bxc4 bxc4 24. a4 Rhc8 25. Rd4 1/2-1/2

[Event "Campeonato del Mundo sub-20 2010"]
[Site "Chotowa POL"]
[Date "2010.08.09"]
[Round "6.7"]
[White "Sieciechowicz, Marcin"]
[Black "Hammer, Jon Ludvig"]
[Result "1/2-1/2"]
[WhiteElo "2445"]
[BlackElo "2636"]
[PlyCount "97"]
[EventDate "2010.08.03"]
[EventType "swiss"]
[EventRounds "13"]
[EventCountry "POL"]
[Source "lmi"]
[SourceDate "2010.08.03"]

1. d4 Nf6 2. c4 e6 3. Nf3 d5 4. Bg5 Bb4+ 5. Nc3 Nbd7 6. cxd5 exd5 7. e3 c5 8.
Bd3 Qa5 9. Qc2 c4 10. Bf5 O-O 11. O-O Re8 12. Nd2 g6 13. Bh3 Kg7 14. Bh4 h6 15.
Rae1 Nb6 16. Bxc8 Raxc8 17. Bxf6+ Kxf6 18. e4 dxe4 19. Ndxe4+ Kg7 20. a3 Be7
21. f4 f5 22. Nd2 Bf6 23. Nf3 Rxe1 24. Rxe1 Nd5 25. Qd2 Nxc3 26. Qxc3 Qd5 27.
Ne5 Rd8 28. Rd1 g5 29. Qxc4 Qxc4 30. Nxc4 Rxd4 31. Rxd4 Bxd4+ 32. Kf1 g4 33.
Ke2 Kf6 34. Kd3 Bg1 35. h3 gxh3 36. gxh3 Ke6 37. Na5 Kd5 38. Nxb7 Bb6 39. b4
Bc7 40. Na5 Bxf4 41. b5 Bd6 42. a4 f4 43. Nc4 Bb8 44. Na5 Bd6 45. Nc4 Bc7 46.
a5 Kc5 47. b6 axb6 48. axb6 Bxb6 49. Nxb6 1/2-1/2

[Event "Campeonato del Mundo sub-20 2010"]
[Site "Chotowa POL"]
[Date "2010.08.09"]
[Round "6.8"]
[White "Bajarani, Ulvi"]
[Black "Sjugirov, Sanan"]
[Result "0-1"]
[WhiteElo "2409"]
[BlackElo "2610"]
[PlyCount "68"]
[EventDate "2010.08.03"]
[EventType "swiss"]
[EventRounds "13"]
[EventCountry "POL"]
[Source "lmi"]
[SourceDate "2010.08.03"]

1. e4 d6 2. d4 Nf6 3. Nc3 e5 4. dxe5 dxe5 5. Qxd8+ Kxd8 6. Bg5 Be6 7. O-O-O+
Nbd7 8. f4 exf4 9. Nge2 Bd6 10. Nxf4 h6 11. Bxf6+ gxf6 12. g3 Be5 13. Ncd5 c6
14. Ne3 Ke7 15. Bc4 Nc5 16. Bxe6 Bxf4 17. gxf4 fxe6 18. Rhg1 Rhg8 19. Ng4 h5
20. Nh6 Rxg1 21. Rxg1 Rh8 22. Rg7+ Ke8 23. Rg6 Nxe4 24. c4 Rh7 25. Kd1 Nf2+ 26.
Ke1 Ng4 27. Rg8+ Kd7 28. Nxg4 hxg4 29. Rxg4 Rxh2 30. Rg7+ Kc8 31. b4 Rh4 32.
Rg8+ Kc7 33. c5 a6 34. f5 exf5 0-1

[Event "Campeonato del Mundo sub-20 2010"]
[Site "Chotowa POL"]
[Date "2010.08.09"]
[Round "6.10"]
[White "Hovhannisyan, Robert"]
[Black "Anwesh, Upadhyaya"]
[Result "1-0"]
[WhiteElo "2529"]
[BlackElo "2412"]
[PlyCount "196"]
[EventDate "2010.08.03"]
[EventType "swiss"]
[EventRounds "13"]
[EventCountry "POL"]
[Source "lmi"]
[SourceDate "2010.08.03"]

1. e4 e5 2. Nf3 Nc6 3. Bb5 a6 4. Ba4 Nf6 5. O-O b5 6. Bb3 Be7 7. d4 d6 8. dxe5
dxe5 9. Qxd8+ Bxd8 10. a4 Rb8 11. Be3 Be7 12. Nc3 O-O 13. axb5 axb5 14. Bd5
Nxd5 15. exd5 Nb4 16. Nxe5 Bf6 17. Bc5 Bxe5 18. Bxb4 Rd8 19. Rfe1 Bxc3 20. Bxc3
Bf5 21. Ra7 Rbc8 22. Rb7 Rxd5 23. Rxc7 h6 24. Rxc8+ Bxc8 25. Bb4 Bf5 26. c3 Bc2
27. Re8+ Kh7 28. h3 Bb3 29. Ba3 Bc4 30. Rb8 Rd1+ 31. Kh2 Rd5 32. Rb7 Kg6 33.
Rb6+ Kh7 34. Rb7 Kg6 35. Rb6+ Kh7 36. h4 Rf5 37. Kg3 Rd5 38. Rb7 Rd3+ 39. Kh2
Rd2 40. Kg3 Rd3+ 41. Kh2 Rd2 42. b3 Bxb3 43. Rxb5 Be6 44. f3 Bc4 45. Rb1 Rc2
46. Bb4 Bd3 47. Re1 Be2 48. Kg3 Bc4 49. h5 Bb5 50. Kh3 Re2 51. Rc1 Bc4 52. Rd1
Rc2 53. Kg3 Bb5 54. Rg1 g6 55. hxg6+ fxg6 56. Re1 g5 57. Re7+ Kg8 58. Re1 Kf7
59. Kh3 Be2 60. Bd6 h5 61. Be5 g4+ 62. Kg3 Ke6 63. f4 Kf5 64. Rh1 Kg6 65. Bd4
Bd3 66. Re1 Be2 67. Rb1 Kf5 68. Rh1 Kg6 69. Rb1 Kf5 70. Ra1 h4+ 71. Kxh4 Kxf4
72. Ra8 Bd1 73. Rf8+ Ke4 74. Re8+ Kd3 75. Kg3 Be2 76. Re3+ Kc4 77. Re4 Kd5 78.
Rf4 Ra2 79. Rf2 Kc4 80. Be5 Kd3 81. Rf4 Ra6 82. Kf2 g3+ 83. Kxg3 Rg6+ 84. Kf2
Bg4 85. Rd4+ Kc2 86. c4 Bc8 87. c5 Rg5 88. Bd6 Kc3 89. Rh4 Bb7 90. g3 Kd3 91.
Rb4 Bd5 92. g4 Bc4 93. Kg3 Rg6 94. Kf4 Kd4 95. Kf5 Rg8 96. g5 Kd5 97. Rxc4 Kxc4
98. g6 Kd5 1-0

[Event "Campeonato del Mundo sub-20 2010"]
[Site "Chotowa POL"]
[Date "2010.08.09"]
[Round "6.11"]
[White "Nabaty, Tamir"]
[Black "Dimitrov, Radoslav"]
[Result "0-1"]
[WhiteElo "2523"]
[BlackElo "2380"]
[PlyCount "114"]
[EventDate "2010.08.03"]
[EventType "swiss"]
[EventRounds "13"]
[EventCountry "POL"]
[Source "lmi"]
[SourceDate "2010.08.03"]

1. e4 c5 2. Nf3 Nc6 3. d4 cxd4 4. Nxd4 e5 5. Nb5 d6 6. c4 a6 7. N5c3 Nf6 8. Bd3
Be7 9. O-O O-O 10. Nd5 Nxd5 11. cxd5 Nd4 12. Be3 Qb6 13. Nd2 Qxb2 14. Nc4 Qb4
15. Rb1 Qc5 16. Nb6 Rb8 17. Qd2 Bd8 18. Qb2 f5 19. Nxc8 Qxc8 20. exf5 Nxf5 21.
Ba7 Ra8 22. Qxb7 Qxb7 23. Rxb7 Rf7 24. Rfb1 Rxa7 25. Rxa7 Rxa7 26. Rb8 Kf7 27.
Rxd8 Ke7 28. Rh8 Rc7 29. g3 Nd4 30. Bxa6 Ra7 31. Bc4 Ra4 32. Bd3 Nf3+ 33. Kf1
e4 34. Bb5 Rxa2 35. h4 Rb2 36. Be2 Rb1+ 37. Kg2 Ne1+ 38. Kh3 Rb2 39. Bh5 Nd3
40. g4 g6 41. Rxh7+ Kf8 42. Bxg6 Nf4+ 43. Kg3 Nxg6 44. g5 Rb3+ 45. Kg4 Rf3 46.
Kh5 Ne5 47. Kh6 Rxf2 48. g6 Rg2 49. h5 e3 50. g7+ Rxg7 51. Rxg7 e2 52. Rg1 Nf3
53. Ra1 Kf7 54. Kh7 e1=Q 55. Rxe1 Nxe1 56. h6 Nd3 57. Kh8 Nf4 0-1

[Event "Campeonato del Mundo sub-20 2010"]
[Site "Chotowa POL"]
[Date "2010.08.09"]
[Round "6.12"]
[White "Krzyzanowski, Marcin"]
[Black "Yilmaz, Mustafa"]
[Result "0-1"]
[WhiteElo "2377"]
[BlackElo "2479"]
[PlyCount "112"]
[EventDate "2010.08.03"]
[EventType "swiss"]
[EventRounds "13"]
[EventCountry "POL"]
[Source "lmi"]
[SourceDate "2010.08.03"]

1. e4 c5 2. Nf3 d6 3. d4 cxd4 4. Nxd4 Nf6 5. Nc3 a6 6. Bg5 Nbd7 7. Bc4 Qa5 8.
Qd2 e6 9. O-O-O b5 10. Bd5 b4 11. Bxa8 bxc3 12. Qe3 Ng4 13. Nb3 cxb2+ 14. Kb1
Qc7 15. Qe2 Nge5 16. f4 h6 17. Bh4 Nc4 18. Bd5 Na3+ 19. Kxb2 g5 20. Kxa3 gxh4
21. Rhe1 Be7 22. c4 Nf6 23. Kb2 exd5 24. cxd5 Bg4 25. Qxa6 Bxd1 26. Rxd1 O-O
27. e5 Ne4 28. Rc1 Qd7 29. Qe2 Qf5 30. Rc4 Nc5 31. Qc2 Qd7 32. Nxc5 dxc5 33. d6
Rb8+ 34. Ka1 Bd8 35. Rxc5 Qb7 36. a4 Qb4 37. Ka2 Qxf4 38. Rc8 Rxc8 39. Qxc8
Qxa4+ 40. Kb2 Qe8 41. Kc2 Kg7 42. Qg4+ Kf8 43. Qc8 Bb6 44. d7 Qd8 45. Qc6 Qc7
46. d8=Q+ Qxd8 47. Qxh6+ Kg8 48. g3 hxg3 49. hxg3 Qc8+ 50. Kd3 Qf5+ 51. Kc4
Qe6+ 52. Qxe6 fxe6 53. Kb5 Bd4 54. Kc6 Bxe5 55. Kd7 Kf7 56. g4 Bf4 0-1

[Event "Campeonato del Mundo sub-20 2010"]
[Site "Chotowa POL"]
[Date "2010.08.09"]
[Round "6.13"]
[White "Recuero Guerra, David"]
[Black "Blomqvist, Erik"]
[Result "0-1"]
[WhiteElo "2470"]
[BlackElo "2407"]
[PlyCount "68"]
[EventDate "2010.08.03"]
[EventType "swiss"]
[EventRounds "13"]
[EventCountry "POL"]
[Source "lmi"]
[SourceDate "2010.08.03"]

1. e4 c5 2. Nf3 d6 3. d4 cxd4 4. Nxd4 Nf6 5. Nc3 g6 6. Be3 Bg7 7. f3 O-O 8. Qd2
Nc6 9. O-O-O d5 10. Kb1 Rb8 11. Ndb5 a6 12. Na7 e6 13. f4 Qe7 14. e5 Nd7 15. g3
Nc5 16. Qf2 Nd7 17. Bh3 Rd8 18. Rhe1 Na5 19. Bd4 b5 20. g4 Bb7 21. f5 Nxe5 22.
Rxe5 Nc4 23. Ree1 Qb4 24. Ncxb5 Nxb2 25. c3 Nxd1+ 26. cxb4 Nxf2 27. Bxf2 axb5
28. fxe6 fxe6 29. Rxe6 d4 30. Bg3 d3 31. g5 d2 32. Bg4 d1=Q+ 33. Bxd1 Rxd1+ 34.
Kc2 Rbd8 0-1

[Event "Campeonato del Mundo sub-20 2010"]
[Site "Chotowa POL"]
[Date "2010.08.09"]
[Round "6.14"]
[White "Saric, Ivan"]
[Black "Golichenko, Ilija"]
[Result "1-0"]
[WhiteElo "2584"]
[BlackElo "2419"]
[PlyCount "101"]
[EventDate "2010.08.03"]
[EventType "swiss"]
[EventRounds "13"]
[EventCountry "POL"]
[Source "lmi"]
[SourceDate "2010.08.03"]

1. e4 c5 2. Nf3 d6 3. d4 cxd4 4. Nxd4 Nf6 5. Nc3 a6 6. h3 e5 7. Nde2 Be6 8. g4
d5 9. exd5 Nxd5 10. Bg2 Bb4 11. O-O Bxc3 12. Nxc3 Nxc3 13. Qxd8+ Kxd8 14. bxc3
Kc7 15. f4 f6 16. Be3 Nd7 17. Rab1 Rab8 18. fxe5 fxe5 19. Ba7 Bxa2 20. Bxb8+
Rxb8 21. Rbd1 Bc4 22. Rf2 Nb6 23. Bf1 Bg8 24. Rfd2 Re8 25. c4 Re7 26. c5 Nd7
27. c6 Kxc6 28. Bg2+ Kc7 29. Bxb7 Bc4 30. Bd5 Nb6 31. Bxc4 Nxc4 32. Rd3 Kc6 33.
Rc3 Kc5 34. Ra1 Kd4 35. Rd3+ Kc5 36. Rd8 Kb6 37. Rc8 Ne3 38. Rb1+ Ka7 39. Rc5
Rf7 40. Re1 Rf3 41. Rb1 Rf7 42. Re1 Rf3 43. Rc3 Rg3+ 44. Kf2 Nd1+ 45. Kxg3 Nxc3
46. Rxe5 Kb6 47. Re6+ Kb5 48. Re7 a5 49. Rxg7 a4 50. Rxh7 a3 51. Rb7+ 1-0